000 00324nam a2200121 a 4500
005 20140414132016.0
008 110314s19uu xx 00 eng d
050 _aTR
_bSI1 2001
100 _aBrown, Marc
245 _aSir Arthur to the rescue.
260 _aMaitland, Florida :
_bAdvance Publishers,
_c2001.
999 _c113360
_d113360